000 00993cab a2200217 4500
001 L136087
008 070108n2007 000 0 eng u
035 _a(Sirsi) u136087
041 0 _aeng
100 1 _aKing, Henrietta
245 0 0 _aIt's better to to be on the safe side
260 _c2007
490 0 _aEstates Gazette
_v(0701) 6 January 2007, 87(1)
520 _aDiscusses how the situation where landlords hold security deposits on tenancies will change under the provisions of the Housing Act 2004. Under the Act all sums of money held as security for the performance of tenant's covenants must be safeguarded in a tenancy deposit scheme when provisions come to force. Penalties imposed on landlords for non-compliance are serious.
590 _aKA
650 2 4 _aHOUSING ACT 2004 PART VI
650 2 4 _aHOUSING ACT 1988
651 4 _aEngland and Wales
_y1543-
690 _aPROPERTY-RESIDENTIAL PROPERTY-RESIDENTIAL PROPERTY TENURE-LEASEHOLD RESIDENTIAL PROPERTY
942 _n0
999 _c78126
_d78126